00390nam a2200157Ia 450000500170000000800410001704000190005804100120007708200170008910000180010624500380012426000310016230000100019365000190020385000100022220230320105735.0131103s9999 xx 000 0 und d aLoreto College aEnglish a891.441bDUT aDutta, Latika aPadabali-PrathamikacLatika Dutta aKolkatabBani Mandirc1946 a40p.  aBengali Poetry aLCLIB